|
|
|
|
| LEADER |
01948nam a2200481 a 4500 |
| 001 |
EBC3327281 |
| 003 |
MiAaPQ |
| 005 |
20200520144314.0 |
| 006 |
m o d | |
| 007 |
cr cn||||||||| |
| 008 |
080702s2010 inu s 001 0 eng d |
| 010 |
|
|
|z 2008029253
|
| 020 |
|
|
|z 9780865977358 (hardcover : alk. paper)
|
| 020 |
|
|
|z 0865977356 (hardcover : alk. paper)
|
| 020 |
|
|
|z 9780865977365 (pbk. : alk. paper)
|
| 020 |
|
|
|z 0865977364 (pbk. : alk. paper)
|
| 020 |
|
|
|a 9781614878360 (electronic bk.)
|
| 035 |
|
|
|a (MiAaPQ)EBC3327281
|
| 035 |
|
|
|a (Au-PeEL)EBL3327281
|
| 035 |
|
|
|a (CaPaEBR)ebr10613489
|
| 035 |
|
|
|a (CaONFJC)MIL588130
|
| 035 |
|
|
|a (OCoLC)929118545
|
| 040 |
|
|
|a MiAaPQ
|c MiAaPQ
|d MiAaPQ
|
| 050 |
|
4 |
|a HB171
|b .V6 2010
|
| 082 |
0 |
4 |
|a 330.15/7
|2 22
|
| 100 |
1 |
|
|a Von Mises, Ludwig,
|d 1881-1973.
|
| 245 |
1 |
0 |
|a Economic policy
|h [electronic resource] :
|b thoughts for today and tomorrow /
|c Ludwig von Mises ; edited and with an introduction by Bettina Bien Greaves.
|
| 260 |
|
|
|a Indianapolis, Ind. :
|b Liberty Fund,
|c c2010.
|
| 300 |
|
|
|a xiv, 79 p.
|
| 490 |
1 |
|
|a Liberty Fund library of the works of Ludwig von Mises
|
| 500 |
|
|
|a Originally published: 2nd ed. / with a new introduction by Bettina Bien Greaves. Irvington-on-Hudson, New York : Free Market Books, c1995.
|
| 500 |
|
|
|a "Foreword by Margit von Mises"--p. xiii.
|
| 500 |
|
|
|a Includes index.
|
| 533 |
|
|
|a Electronic reproduction. Ann Arbor, MI : ProQuest, 2015. Available via World Wide Web. Access may be limited to ProQuest affiliated libraries.
|
| 650 |
|
0 |
|a Economics.
|
| 650 |
|
0 |
|a Economic policy.
|
| 650 |
|
0 |
|a Comparative economics.
|
| 650 |
|
0 |
|a Industrial policy.
|
| 655 |
|
4 |
|a Electronic books.
|
| 700 |
1 |
|
|a Greaves, Bettina Bien.
|
| 710 |
2 |
|
|a ProQuest (Firm)
|
| 800 |
1 |
|
|a Von Mises, Ludwig,
|d 1881-1973.
|t Works.
|f 2005.
|
| 856 |
4 |
0 |
|u https://ebookcentral.proquest.com/lib/matrademy/detail.action?docID=3327281
|z Click to View
|